Statistics for Jason Clarke Filmography

Click here to take the quiz!

General Stats

  • This quiz has been taken 9 times
    (3 since last reset)
  • The average score is 3 of 75

Answer Stats

TypeYearName% Correct
Film2023Oppenheimer
67%
Film2020The Devil All the Time
67%
Film2013The Great Gatsby
67%
Film2014Dawn of the Planet of the Apes
33%
Film2015Terminator Genisys
33%
Film2023The Caine Mutiny Court-Martial
33%
Film2016All I See Is You
0%
TV Show1999, 2000All Saints
0%
Film2000Better Than Sex
0%
TV Film2003BlackJack
0%
Film2022Black Site
0%
TV Show1995-1999Blue Heelers
0%
TV Show2006-2008Brotherhood
0%
TV Mini-Series2019Catherine the Great
0%
Film2017Chappaquiddick
0%
Film2015Child 44
0%
Film2008Death Race
0%
TV Show1996Diagnosis: Murder
0%
Film1997Dilemma
0%
Film2015Everest
0%
TV Show2003Farscape
0%
Film2018First Man
0%
TV Show2001Flat Chat
0%
Short Film2002Free
0%
Film2004Get Rich Quick
0%
TV Show1995Halifax f.p.
0%
TV Show2001Head Start
0%
TV Show1998Heartbreak High
0%
Short Film1992Hidden Injuries
0%
Short Film2008Hole in the Paper Sky
0%
TV Show2002Home and Away
0%
Film1999Kick
0%
Film2015Knight of Cups
0%
TV Mini-Series1997Knots Landing: Back to the Cul-de-Sac
0%
Film2012Lawless
0%
TV Show1996Mercury
0%
Film2017Mudbound
0%
TV Show1998Murder Call
0%
Film2000Our Lips Are Sealed
0%
Film2019Pet Sematary
0%
Film1998Praise
0%
Film2009Public Enemies
0%
Film2002Rabbit-Proof Fence
0%
Film2000Risk
0%
Short Film1999Schmooze
0%
Film2019Serenity
0%
Film2021Silk Road
0%
Short Film2000Six O'Clock Swill
0%
TV Show2000-2003Stingers
0%
Film2011Swerve
0%
Film2011Texas Killing Fields
0%
Film2019The Aftermath
0%
Film2014The Better Angels
0%
TV Show2001The Bill
0%
TV Show2011The Chicago Code
0%
Film2008The Human Contact
0%
Web SeriesTBAThe Last Frontier
0%
Film2017The Man with the Iron Heart
0%
Film2002The Outsider
0%
Film2010Trust
0%
Film1998Twilight
0%
TV Show1998Two Guys and a Girl
0%
Film2008Under Still Waters
0%
TV Film2009US Attorney
0%
Film2010Wall Street: Money Never Sleeps
0%
TV Show1997Water Rats
0%
TV Show2002, 2003White Collar Blue
0%
Film2013White House Down
0%
TV Show1998Wildside
0%
Film2018Winchester
0%
FilmTBAWind River: Rising
0%
TV Show2022-2023Winning Time: The Rise of the Lakers Dynasty
0%
Film2011Yelling to the Sky
0%
Film2003You Can't Stop the Murders
0%
Film2012Zero Dark Thirty
0%

Score Distribution

Percentile by Number Answered

Percent of People with Each Score

Your Score History

You have not taken this quiz since the last reset